<?xml version="1.0" encoding="UTF-8"?><?xml-stylesheet type="text/xsl" href="static/style.xsl"?><OAI-PMH xmlns="http://www.openarchives.org/OAI/2.0/" xmlns:xsi="http://www.w3.org/2001/XMLSchema-instance" xsi:schemaLocation="http://www.openarchives.org/OAI/2.0/ http://www.openarchives.org/OAI/2.0/OAI-PMH.xsd"><responseDate>2026-04-17T03:53:14Z</responseDate><request verb="GetRecord" identifier="oai:www.recercat.cat:2099.1/19658" metadataPrefix="marc">https://recercat.cat/oai/request</request><GetRecord><record><header><identifier>oai:recercat.cat:2099.1/19658</identifier><datestamp>2025-07-23T01:12:35Z</datestamp><setSpec>com_2072_1033</setSpec><setSpec>col_2072_452951</setSpec></header><metadata><record xmlns="http://www.loc.gov/MARC21/slim" xmlns:dcterms="http://purl.org/dc/terms/" xmlns:xsi="http://www.w3.org/2001/XMLSchema-instance" xmlns:doc="http://www.lyncode.com/xoai" xsi:schemaLocation="http://www.loc.gov/MARC21/slim http://www.loc.gov/standards/marcxml/schema/MARC21slim.xsd">
   <leader>00925njm 22002777a 4500</leader>
   <datafield ind2=" " ind1=" " tag="042">
      <subfield code="a">dc</subfield>
   </datafield>
   <datafield ind2=" " ind1=" " tag="720">
      <subfield code="a">Rosell Balada, Gerard</subfield>
      <subfield code="e">author</subfield>
   </datafield>
   <datafield ind2=" " ind1=" " tag="260">
      <subfield code="c">2013-07-17</subfield>
   </datafield>
   <datafield ind2=" " ind1=" " tag="520">
      <subfield code="a">Cada cop és més obvi que el planeta ens demana canviar, ja que la situació comença a ser&#xd;
insostenible, i sembla cada cop més, que el canvi climàtic està immers en un preocupant&#xd;
augment.&#xd;
Sectors com el transport, la indústria i la construcció, són els principals causants d’aquest&#xd;
procés que cal aturar, i des de cadascun d’ells, dia rere dia hi han tècnics, enginyers, científics&#xd;
o simplement persones que treballen, investiguen i ajuden per a aportar el seu granet de sorra&#xd;
des del seu coneixement i la seva implicació per a mirar de desviar la trajectòria del canvi&#xd;
climàtic.&#xd;
Específicament des del sector de la construcció i l’edificació s’estan desenvolupant diferents&#xd;
alternatives i solucions per a disminuir les emissions de CO2, tant des de la creació de&#xd;
materials fins al seu desús després de l’enderroc, incidint concretament en el cicle de vida&#xd;
d’aquests, com també durant l’ús i l’explotació durant la vida útil d’una edificació.&#xd;
Des d’Alemanya, es creà un nou estàndard de construcció enfocada a la sostenibilitat i sobretot&#xd;
a donar resposta als elevats consums d’energia que un habitatge convencional pot generar. Es&#xd;
tracta de la Passivhaus, nom que se li ha donat a l’estàndard, i que traduït respon al nom de&#xd;
“casa passiva”. Tal i com es defineix pel seu nom, aquests tipus d’habitatges pretenen arribar a&#xd;
unes demandes energètiques molt baixes, que poden arribar a ésser gairebé nul·les.&#xd;
Al nord d’Europa, ja són molts els països que han apostat fort per la construcció de cases&#xd;
passives, ja que l’estàndard està especialment enfocat al clima nord-europeu, el qual té hiverns&#xd;
molt freds i estius suaus. Tot i així, Passivhaus està obrint fronteres i mirant d’expandir-se,&#xd;
primerament pel sud del continent. Encara són molts els dubtes que es generen sobre si una&#xd;
casa d’aquest estil podria adaptar-se en aquest tipus de clima; no obstant, des del Passivhaus&#xd;
Institut s’ha creat el projecte Passive-ON per a generar i promoure aquest tipus d’edificis en&#xd;
aquesta zona europea.&#xd;
Amb aquest projecte es pretén donar resposta a tots aquells dubtes que encara estan a l’aire&#xd;
sobre la Passivhaus a Espanya, tant energètics i constructius, com econòmics i de viabilitat&#xd;
real. El projecte es centra principalment en una comparació entre un habitatge convencional i&#xd;
un habitatge passiu que respon a les necessitats que requereix la certificació alemana. Des del&#xd;
projecte bàsic de l’habitatge, juntament amb el pressupost, i valoració energètica de tots dos tipus d’edificis, fins a la valoració final i conclusió sobre la adaptació d’aquesta certificació en&#xd;
una zona propera a la ciutat de Barcelona, es veurà si realment les cases passives tenen&#xd;
cabuda al nostre país.</subfield>
   </datafield>
   <datafield tag="653" ind2=" " ind1=" ">
      <subfield code="a">Àrees temàtiques de la UPC::Edificació::Construcció sostenible</subfield>
   </datafield>
   <datafield tag="653" ind2=" " ind1=" ">
      <subfield code="a">Àrees temàtiques de la UPC::Energies::Eficiència energètica::Eficiència domèstica</subfield>
   </datafield>
   <datafield tag="653" ind2=" " ind1=" ">
      <subfield code="a">Energy conservation</subfield>
   </datafield>
   <datafield tag="653" ind2=" " ind1=" ">
      <subfield code="a">Sustainable construction</subfield>
   </datafield>
   <datafield tag="653" ind2=" " ind1=" ">
      <subfield code="a">Energia -- Estalvi</subfield>
   </datafield>
   <datafield tag="653" ind2=" " ind1=" ">
      <subfield code="a">Construcció sostenible</subfield>
   </datafield>
   <datafield ind2="0" ind1="0" tag="245">
      <subfield code="a">Avaluació-comparació del programa informàtic emprat per a la millora energètica i posterior certificació passivhaus d'un habitatge unifamiliar aïllat</subfield>
   </datafield>
</record></metadata></record></GetRecord></OAI-PMH>